Southville International School and Colleges
Your cart is empty.
  • Cart
  • Lists
    Public lists Eva Luna New books Lux_list list_1
    Your lists Log in to create your own lists
  • Log in to your account
  • Your cookies
  • Search history
Southville International School and Colleges
  • Advanced search
  • Recent comments
  • Most popular
  • Libraries

Log in to your account

Log in with GOOGLE


If you do not have an external account, but do have a local account, you can still log in:

  1. Home
  2. MARC view: The good earth /
Normal view MARC view ISBD view

The good earth / (Record no. 7484)

[ view plain ]
MARC details
000 -LEADER
fixed length control field 00615nam a22002417a 4500
003 - CONTROL NUMBER IDENTIFIER
control field OSt
005 - DATE AND TIME OF LATEST TRANSACTION
control field 20140310181934.0
008 - FIXED-LENGTH DATA ELEMENTS--GENERAL INFORMATION
fixed length control field 130723t xxu||||| |||| 00| 0 eng d
020 ## - INTERNATIONAL STANDARD BOOK NUMBER
International Standard Book Number 067172651x
050 ## - LIBRARY OF CONGRESS CALL NUMBER
Classification number PS 3503.U198
Item number .B922 1973
082 ## - DEWEY DECIMAL CLASSIFICATION NUMBER
Classification number CLA B85g
Item number 1973
100 ## - MAIN ENTRY--PERSONAL NAME
Personal name Buck, Pearl S.
9 (RLIN) 3209
245 ## - TITLE STATEMENT
Title The good earth /
Statement of responsibility, etc Pearl S. Buck
260 ## - PUBLICATION, DISTRIBUTION, ETC. (IMPRINT)
Place of publication, distribution, etc New York :
Name of publisher, distributor, etc Pocket Books,
Date of publication, distribution, etc 1958.
300 ## - PHYSICAL DESCRIPTION
Extent 260 p.
Dimensions 17 cm.
541 ## - IMMEDIATE SOURCE OF ACQUISITION NOTE
-- 1
541 ## - IMMEDIATE SOURCE OF ACQUISITION NOTE
-- 2
541 ## - IMMEDIATE SOURCE OF ACQUISITION NOTE
-- 3
562 ## - COPY AND VERSION IDENTIFICATION NOTE
Number of copies 3
650 ## - SUBJECT ADDED ENTRY--TOPICAL TERM
Topical term or geographic name as entry element Fiction
9 (RLIN) 746
650 ## - SUBJECT ADDED ENTRY--TOPICAL TERM
Topical term or geographic name as entry element Children's stories
9 (RLIN) 3210
942 ## - ADDED ENTRY ELEMENTS (KOHA)
Source of classification or shelving scheme Library of Congress Classification
Koha item type
Call number prefix
Holdings
Withdrawn status Lost status Source of classification or shelving scheme Damaged status Home library Current library Shelving location Date acquired Total Checkouts Full call number Barcode Date last seen Copy number Price effective from Koha item type
    Library of Congress Classification   Luxembourg Library Luxembourg Library Classic Section 07/23/2013   PS 3503.U198 .B922 1973 13204 08/13/2013 1 07/23/2013 Books
    Library of Congress Classification   Luxembourg Library Luxembourg Library Classic Section 07/23/2013   PS 3503.U198 .B922 1973 7706 07/27/2015 2 07/23/2013 Books
    Library of Congress Classification   Luxembourg Library Luxembourg Library Classic Section 07/23/2013   PS 3503.U198 .B922 1973 2677 08/13/2013 3 07/23/2013 Books

The good earth /

APA

Buck P. S., . (1958). The good earth. New York: Pocket Books.

Chicago

Buck Pearl S, . 1958. The good earth. New York: Pocket Books.

Harvard

Buck P. S., . (1958). The good earth. New York: Pocket Books.

MLA

Buck Pearl S, . The good earth. New York: Pocket Books. 1958.

  • Place hold
  • Print
  • Cite
  • Add to your cart (remove)
  • Save record
    BIBTEX Dublin Core MARCXML MARC (non-Unicode/MARC-8) MARC (Unicode/UTF-8) MARC (Unicode/UTF-8, Standard) MODS (XML) RIS
  • More searches
    Search for this title in:
    Other Libraries (WorldCat) Other Databases (Google Scholar) Online Stores (Bookfinder.com) Open Library (openlibrary.org)

Exporting to Dublin Core...

SOUTHVILLE LIBRARY

Southville International School and Colleges Library

1281 Tropical Ave. Cor. Luxembourg St., BF Homes International, Las Pinas City

Tel. No. 8256374 / 252358 Loc. 117/146

Powered by Koha